000 007690000a22002410004500
001 50994
090 _a50994
100 _a20131121d2013 e y0pory5003 ba
101 0 _apor
102 _aPT
200 1 _aNa pista do Penacho
_fDaniel Joris
_gilust. Valériane
_gtrad. Philos Comunicação Global
210 _aPorto
_cMajora
_d[19-?]
215 _a[16] p.
_cil.
_d18 cm
225 2 _aAmigos - Amigos
_v3
606 _aLiteratura infantil
_xConto
675 _a82-34
_vBN
_zpor
675 _a087.5-053.5
_vBN
_zpor
700 1 _aJoris
_bDaniel
702 1 _946160
_4440
_aValériane
_bValériane
712 0 2 _4730
_aPhilos Comunicação global
801 _aPT
_c20131121
942 _cMON
_n0
999 _a50994
_bBibliobase - BEBDPPC
_c2019-01-21